000
00495nam a2200181Ia 4500
008
090123s9999 xx 000 0 und d
082
_b
22133
100
_a
मिरासदार द.मा.
245
_a
फुकट
250
_a
0
260
_b
सुयोग प्रकाशन
_c
1993
300
_a
160
600
_a
मिरासदार द.मा.
630
_a
फुकट
700
_a
मिरासदार द.मा.
730
_a
फुकट
942
_c
BOOK
999
_c
60205
_d
60205